| 000 | 00528nam a22001937a 4500 | ||
|---|---|---|---|
| 003 | OSt | ||
| 005 | 20140310181911.0 | ||
| 008 | 130712t xxu||||| |||| 00| 0 eng d | ||
| 020 | _a0382304969 | ||
| 050 |
_aBX 930 _b.T448 1998 |
||
| 082 |
_aTR 238.2 _bT34 1998 |
||
| 245 |
_aThis is our faith / _cCarl J. Pfeifer...(et al.). |
||
| 260 |
_aMorristown, NJ : _bSilver Burdett & Ginn, _cc1998. |
||
| 300 |
_a364 p. _bcol. : ill. ; _c28 cm. |
||
| 521 | _aFaculty | ||
| 541 | _j1 | ||
| 562 | _e1 | ||
| 942 |
_2lcc _cBK-TR _kTR |
||
| 999 |
_c6535 _d6535 |
||